[Event "BCF-chT2 2324 (4NCL)"]
[Site "England"]
[Date "2023.11.11"]
[Round "2.13"]
[White "Bisby, Daniel L"]
[Black "Bremner, Adam"]
[Result "1/2-1/2"]
[WhiteElo "2276"]
[BlackElo "2193"]
[PlyCount "39"]
[EventDate "2023.11.11"]
[EventType "team-tourn"]
[EventRounds "11"]
[EventCountry "ENG"]
[SourceTitle "CB46_2023"]
[SourceDate "2023.11.15"]
[SourceVersion "1"]
[SourceVersionDate "2023.11.15"]
[SourceQuality "1"]
[WhiteTeam "Cambridge University"]
[BlackTeam "The Sharks II"]
[WhiteTeamCountry "ENG"]
[BlackTeamCountry "ENG"]

1. e4 e5 2. Bc4 Nf6 3. d3 c6 4. Nf3 d5 5. Bb3 a5 6. a3 a4 7. Ba2 Bd6 8. Nc3 Be6 9. 0-0 Nbd7 10. Re1 0-0 11. Bg5 Qb6 12. Rb1 dxe4 13. Bxe6 exf3 14. Bxd7 Nxd7 15. Qxf3 Nc5 16. Be3 Qc7 17. Ne4 Nxe4 18. dxe4 Qe7 19. Rbd1 Bc5 20. Rd3 1/2-1/2

[Event "BCF-chT 2223 (4NCL)"]
[Site "England"]
[Date "2023.02.11"]
[Round "5.5"]
[White "Bisby, Daniel L"]
[Black "Reimanis, Ritvars"]
[Result "1-0"]
[WhiteElo "2277"]
[BlackElo "2374"]
[PlyCount "70"]
[EventDate "2022.10.22"]
[EventType "team-swiss"]
[EventRounds "11"]
[EventCountry "ENG"]
[SourceTitle "CBM 213 Extra"]
[Source "ChessBase"]
[SourceDate "2023.05.31"]
[SourceVersion "1"]
[SourceVersionDate "2023.05.31"]
[SourceQuality "1"]
[WhiteTeam "Cambridge University"]
[BlackTeam "Celtic Tigers"]
[WhiteTeamCountry "ENG"]
[BlackTeamCountry "ENG"]

1. e4 e6 2. d4 d5 3. e5 c5 4. c3 Nc6 5. Nf3 Qb6 6. Bd3 cxd4 7. 0-0 Bd7 8. Nbd2 g5 9. Re1 g4 10. Nxd4 Nxd4 11. cxd4 h5 12. Nb3 Ba4 13. Be3 Ne7 14. Qe2 Bxb3 15. axb3 Nc6 16. Rec1 a6 17. f3 Bh6 18. f4 Kd7 19. Rc3 f5 20. exf6 Qd8 21. f7 Qf6 22. Rf1 Nxd4 23. Bxd4 Qxd4+ 24. Kh1 Bxf4 25. Re1 Rh6 26. Bb5+ Ke7 27. Be8 Rf6 28. Qc2 Bd6 29. Rc7+ Bxc7 30. Qxc7+ Kf8 31. Qd6+ Kg7 32. Qe7 Kh6 33. f8Q+ Rxf8 34. Rxe6+ Rf6 35. Rxf6+ Kg5 1-0

[Event "BCF-chT2b 1819 (4NCL)"]
[Site "England"]
[Date "2019.02.10"]
[Round "6.61"]
[White "Bisby, Daniel L"]
[Black "Cumming, Rhys"]
[Result "1-0"]
[WhiteElo "2335"]
[BlackElo "2224"]
[PlyCount "81"]
[EventDate "2018.11.10"]
[EventType "team-tourn"]
[EventRounds "11"]
[EventCountry "ENG"]
[SourceTitle "EXT 2021"]
[Source "ChessBase"]
[SourceDate "2020.10.23"]
[SourceVersion "1"]
[SourceVersionDate "2020.10.23"]
[SourceQuality "1"]
[WhiteTeam "Cambridge University"]
[BlackTeam "Sussex Martlets"]
[WhiteTeamCountry "ENG"]
[BlackTeamCountry "ENG"]

1. c4 e5 2. g3 c6 3. d4 e4 4. Nc3 d5 5. Bg2 Nf6 6. Nh3 h6 7. 0-0 dxc4 8. e3 Bb4 9. Nf4 Bxc3 10. bxc3 0-0 11. f3 Re8 12. fxe4 Nxe4 13. Ne2 Nd7 14. Qc2 Ndf6 15. Rf4 Qe7 16. a4 g5 17. Ba3 Qe6 18. d5 cxd5 19. Nd4 Qe5 20. Rff1 Ng4 21. Rae1 Bd7 22. Rf3 h5 23. Ref1 Nh6 24. h3 g4 25. Rf4 gxh3 26. Bxe4 dxe4 27. Qf2 Kh8 28. Kh1 Ng4 29. Qe2 f6 30. Qxc4 Nxe3 31. Qf7 Nxf1 32. Rxf1 e3 33. Rxf6 Qe4+ 34. Nf3 Qb1+ 35. Ng1 Bc6+ 36. Rxc6 Qe4+ 37. Nf3 bxc6 38. Qf6+ Kh7 39. Qf7+ Kh6 40. Bd6 Qb1+ 41. Kh2 1-0

[Event "BCF-chT2b 1819 (4NCL)"]
[Site "England"]
[Date "2019.02.09"]
[Round "5.51"]
[White "Franklin, Samuel Gideon"]
[Black "Bisby, Daniel L"]
[Result "1-0"]
[WhiteElo "2336"]
[BlackElo "2335"]
[PlyCount "167"]
[EventDate "2018.11.10"]
[EventType "team-tourn"]
[EventRounds "11"]
[EventCountry "ENG"]
[SourceTitle "EXT 2021"]
[Source "ChessBase"]
[SourceDate "2020.10.23"]
[SourceVersion "1"]
[SourceVersionDate "2020.10.23"]
[SourceQuality "1"]
[WhiteTeam "Barbican II"]
[BlackTeam "Cambridge University"]
[WhiteTeamCountry "ENG"]
[BlackTeamCountry "ENG"]

1. e4 Nf6 2. e5 Nd5 3. d4 d6 4. Nf3 dxe5 5. Nxe5 c6 6. Be2 Bf5 7. 0-0 Nd7 8. Nf3 e6 9. c4 N5f6 10. Nh4 Bg6 11. Nc3 Bd6 12. g3 0-0 13. Nxg6 hxg6 14. Qb3 Qc7 15. Be3 Rfe8 16. Rac1 Rad8 17. Rfe1 a6 18. Qc2 e5 19. c5 Bf8 20. b4 exd4 21. Bxd4 Ne5 22. Rcd1 a5 23. a3 axb4 24. axb4 Nf3+ 25. Bxf3 Rxe1+ 26. Rxe1 Rxd4 27. Qb2 Qd7 28. Rd1 Rxd1+ 29. Nxd1 Ne4 30. Ne3 Ng5 31. Bg4 Qd3 32. h4 Ne4 33. Kg2 Nc3 34. Qb3 Be7 35. h5 Bf6 36. hxg6 Qxg6 37. Bf5 Qh5 38. Qc4 Nb5 39. Qe4 g6 40. Bc8 Bd4 41. Bxb7 Bxe3 42. Qxe3 Qd5+ 43. Qf3 Qxf3+ 44. Kxf3 Na7 45. Ke4 Kf8 46. Ba6 Ke7 47. f4 f6 48. g4 Kf7 49. Kd4 Ke7 50. Bd3 Kf7 51. Be4 Kg7 52. Bf3 Kf7 53. Bg2 Ke6 54. Be4 f5 55. gxf5+ gxf5 56. Bg2 Nb5+ 57. Kc4 Kd7 58. Bf3 Na7 59. Kd4 Ke6 60. Be2 Nc8 61. Ba6 Ne7 62. Bb7 Kf6 63. Kc4 Ke6 64. b5 cxb5+ 65. Kxb5 Kd7 66. Kb6 Kd8 67. c6 Nd5+ 68. Kc5 Nc7 69. Kd6 Ne8+ 70. Ke6 Kc7 71. Kxf5 Kd6 72. Kg6 Ke7 73. f5 Kf8 74. Bc8 Nc7 75. Kf6 Ke8 76. Bd7+ Kf8 77. Ke5 Ke7 78. Be6 Ne8 79. Kd5 Nc7+ 80. Kc5 Ne8 81. Kb6 Kd6 82. Kb7 Nc7 83. Bd7 Nd5 84. f6 1-0

[Event "BCF-chT2b 1819 (4NCL)"]
[Site "England"]
[Date "2019.01.12"]
[Round "3.61"]
[White "Bisby, Daniel L"]
[Black "Bremner, Adam"]
[Result "1/2-1/2"]
[WhiteElo "2334"]
[BlackElo "2201"]
[PlyCount "70"]
[EventDate "2018.11.10"]
[EventType "team-tourn"]
[EventRounds "11"]
[EventCountry "ENG"]
[SourceTitle "EXT 2021"]
[Source "ChessBase"]
[SourceDate "2020.10.23"]
[SourceVersion "1"]
[SourceVersionDate "2020.10.23"]
[SourceQuality "1"]
[WhiteTeam "Cambridge University"]
[BlackTeam "Grantham Sharks II"]
[WhiteTeamCountry "ENG"]
[BlackTeamCountry "ENG"]

1. c4 Nf6 2. Nf3 c5 3. g3 g6 4. Bg2 Bg7 5. 0-0 0-0 6. d4 cxd4 7. Nxd4 Nc6 8. Nc3 Nxd4 9. Qxd4 d6 10. Qh4 a6 11. Bg5 Re8 12. Rac1 Rb8 13. Rfd1 b6 14. b3 Bb7 15. e4 Qc7 16. Nd5 Bxd5 17. cxd5 Qd8 18. Bh3 Nd7 19. Qg4 Nc5 20. Qe2 b5 21. e5 Bxe5 22. Rxc5 Bf6 23. Rc6 Bxg5 24. Rxa6 Rb6 25. Rxb6 Qxb6 26. Bd7 Rb8 27. b4 Qa6 28. Bc6 Qa4 29. Rb1 Rb6 30. h4 Bf6 31. h5 Ra6 32. Rc1 Qxa2 33. Qxb5 Qd2 34. Qxa6 Qxc1+ 35. Qf1 Qxf1+ 1/2-1/2

[Event "BCF-chT2b 1819 (4NCL)"]
[Site "England"]
[Date "2018.11.10"]
[Round "1.61"]
[White "Grieve, Harry"]
[Black "Bisby, Daniel L"]
[Result "1/2-1/2"]
[WhiteElo "2262"]
[BlackElo "2330"]
[PlyCount "46"]
[EventDate "2018.11.10"]
[EventType "team-tourn"]
[EventRounds "11"]
[EventCountry "ENG"]
[SourceTitle "EXT 2021"]
[Source "ChessBase"]
[SourceDate "2020.10.23"]
[SourceVersion "1"]
[SourceVersionDate "2020.10.23"]
[SourceQuality "1"]
[WhiteTeam "Guildford III"]
[BlackTeam "Cambridge University"]
[WhiteTeamCountry "ENG"]
[BlackTeamCountry "ENG"]

1. d4 g6 2. h4 Nf6 3. Nc3 Nc6 4. Nf3 d5 5. Bf4 Bf5 6. Ne5 Nxe5 7. Bxe5 Bg7 8. h5 0-0 9. e3 c5 10. Be2 Qd7 11. Bf3 Rac8 12. dxc5 Rxc5 13. hxg6 hxg6 14. Qd4 Rc4 15. Qxa7 Rfc8 16. Be2 R4c5 17. f3 Ne8 18. Bxg7 Nxg7 19. g4 Bxc2 20. Rc1 Ba4 21. Rb1 Bc2 22. Rc1 Ba4 23. Rb1 Bc2 1/2-1/2

[Event "Bruges Masters op"]
[Site "Bruges"]
[Date "2018.08.15"]
[Round "7"]
[White "Van Foreest, Lucas"]
[Black "Bisby, Daniel L"]
[Result "1-0"]
[WhiteElo "2488"]
[BlackElo "2314"]
[PlyCount "111"]
[EventDate "2018.08.12"]
[EventType "swiss"]
[EventRounds "9"]
[EventCountry "BEL"]
[SourceTitle "CBM 186 Extra"]
[Source "ChessBase"]
[SourceDate "2018.08.24"]
[SourceVersion "1"]
[SourceVersionDate "2018.08.24"]
[SourceQuality "1"]

1. e4 c5 2. Nf3 g6 3. d4 cxd4 4. Nxd4 Bg7 5. c4 Nc6 6. Nc2 Nf6 7. Nc3 0-0 8. Be2 b6 9. 0-0 Bb7 10. Be3 Ne8 11. Qd2 Nd6 12. f3 f5 13. c5 bxc5 14. Bxc5 Rc8 15. Rad1 Ne5 16. Bxd6 Qb6+ 17. Qe3 exd6 18. Qxb6 axb6 19. exf5 Rxf5 20. Ne3 Rf4 21. Ned5 Bxd5 22. Nxd5 Rf7 23. f4 Rc2 24. Nc3 Nc6 25. Bc4 Bd4+ 26. Kh1 Rxb2 27. Ne4 Kg7 28. Bxf7 Kxf7 29. Rd2 Rxd2 30. Nxd2 Nb4 31. a4 Nd3 32. g3 Nc5 33. Rb1 Nxa4 34. Rb4 Bc3 35. Rxa4 Bxd2 36. Rd4 Be3 37. Rxd6 Ke7 38. Rd1 Bc5 39. Kg2 b5 40. Kf3 b4 41. Ke4 Ke6 42. g4 Bf8 43. Rd4 Bc5 44. Rd5 Bf8 45. Rb5 Be7 46. Rb6+ Kf7 47. Kd5 Bf8 48. Ke5 Be7 49. Rb8 Bf8 50. Rb7 Ke8 51. f5 Bg7+ 52. f6 Bf8 53. Kd5 h6 54. h4 g5 55. hxg5 hxg5 56. Ke5 1-0

[Event "Bruges Masters op"]
[Site "Bruges"]
[Date "2018.08.12"]
[Round "2"]
[White "Bisby, Daniel L"]
[Black "Nikolov, Momchil"]
[Result "1/2-1/2"]
[WhiteElo "2314"]
[BlackElo "2549"]
[PlyCount "124"]
[EventDate "2018.08.12"]
[EventType "swiss"]
[EventRounds "9"]
[EventCountry "BEL"]
[SourceTitle "CBM 186 Extra"]
[Source "ChessBase"]
[SourceDate "2018.08.24"]
[SourceVersion "1"]
[SourceVersionDate "2018.08.24"]
[SourceQuality "1"]

1. e4 c5 2. Nf3 e6 3. d3 Nc6 4. g3 g6 5. Bg5 Qc7 6. Bg2 Bg7 7. Nc3 Nge7 8. Qd2 h6 9. Be3 Nd4 10. 0-0 a6 11. Ne1 b6 12. Nd1 Bb7 13. c3 Ndc6 14. f4 f5 15. Nf3 d6 16. Bf2 0-0 17. Ne3 Rad8 18. Qc2 e5 19. Nd5 Nxd5 20. exd5 Nb8 21. c4 Nd7 22. Rae1 Kh7 23. Re2 Rde8 24. Rfe1 Qd8 25. Be3 Bc8 26. fxe5 Nxe5 27. Bf4 Nf7 28. h4 Bd7 29. b3 Qf6 30. Rxe8 Rxe8 31. Rxe8 Bxe8 32. Qe2 Bd7 33. Bd2 g5 34. hxg5 hxg5 35. Qe3 g4 36. Ng5+ Nxg5 37. Qxg5 Qxg5 38. Bxg5 Be5 39. Kf2 b5 40. Bf4 b4 41. Bf1 a5 42. Be2 a4 43. Bd1 a3 44. Bc2 Kg6 45. Kg2 Kh5 46. Be3 Be8 47. Bd2 Bg6 48. Be3 Bh7 49. Bd2 Bg6 50. Be3 f4 51. gxf4 Bc3 52. Bf2 Bd2 53. Bg3 Bf5 54. Kf2 Bc3 55. Ke2 Bf6 56. Kf2 Bd4+ 57. Kg2 Be3 58. Kf1 Bc1 59. Ke2 Bb2 60. Bb1 Bf6 61. Bc2 Bh4 62. Kf2 Bf6 1/2-1/2

[Event "Reykjavik op"]
[Site "Reykjavik"]
[Date "2018.03.12"]
[Round "7"]
[White "Bisby, Daniel L"]
[Black "Yu, Henry"]
[Result "1-0"]
[WhiteElo "2339"]
[BlackElo "2051"]
[PlyCount "53"]
[EventDate "2018.03.06"]
[EventType "swiss"]
[EventRounds "9"]
[EventCountry "ISL"]
[SourceTitle "CBM 183 Extra"]
[Source "ChessBase"]
[SourceDate "2018.04.19"]
[SourceVersion "1"]
[SourceVersionDate "2018.04.19"]
[SourceQuality "1"]

1. e4 e6 2. d3 d5 3. Nd2 c5 4. Ngf3 Nc6 5. g3 Bd6 6. Bg2 Nge7 7. 0-0 0-0 8. Re1 Qc7 9. c3 Bd7 10. Qe2 f6 11. a3 a5 12. a4 Rab8 13. h4 e5 14. exd5 Nxd5 15. Nc4 Rfe8 16. Ng5 Nxc3 17. bxc3 fxg5 18. Bxg5 Be6 19. Rab1 Bf7 20. Be4 Ne7 21. Bd2 Bg6 22. Kg2 b6 23. Rh1 Qd8 24. Bxg6 hxg6 25. Qe4 Bc7 26. Ne3 Qd7 27. Qc4+ 1-0

[Event "BCF-chT2 1617 (4NCL) Promotion pool"]
[Site "England"]
[Date "2017.04.30"]
[Round "10.41"]
[White "Richardson, John R"]
[Black "Bisby, Daniel L"]
[Result "0-1"]
[WhiteElo "2282"]
[BlackElo "2293"]
[PlyCount "134"]
[EventDate "2016.11.19"]
[EventType "team-tourn"]
[EventRounds "11"]
[EventCountry "ENG"]
[SourceTitle "EXT 2019"]
[Source "ChessBase"]
[SourceDate "2018.10.10"]
[SourceVersion "1"]
[SourceVersionDate "2018.10.10"]
[SourceQuality "1"]
[WhiteTeam "The ADS"]
[BlackTeam "Cambridge University"]
[WhiteTeamCountry "ENG"]
[BlackTeamCountry "ENG"]

1. Nf3 Nf6 2. d4 d5 3. c4 e6 4. Nc3 Be7 5. cxd5 exd5 6. Qc2 c6 7. Bg5 Nbd7 8. e3 Nh5 9. Bxe7 Qxe7 10. Bd3 Nf4 11. Bf1 Nh5 12. 0-0-0 Nb6 13. Bd3 Be6 14. Kb1 Nf6 15. h3 0-0-0 16. Na4 Nxa4 17. Qxa4 Kb8 18. Rc1 Ne4 19. Bxe4 dxe4 20. Nd2 Qg5 21. g4 h5 22. gxh5 Rxh5 23. Ka1 Qg2 24. Qa3 Bd5 25. Qe7 Qg5 26. Qb4 Qf6 27. Rcf1 Qe6 28. b3 Rxh3 29. Rxh3 Qxh3 30. Qe7 Qd7 31. Qe5+ Qc7 32. Qxg7 Qa5 33. Qe5+ Ka8 34. Nxe4 f6 35. Qf5 Re8 36. f3 Qa6 37. Rc1 Bxb3 38. Nc3 Be6 39. Qxf6 Qa3 40. Kb1 Bc4 41. Qf5 a6 42. Qc2 Rxe3 43. Qb2 Qxb2+ 44. Kxb2 Rxf3 45. Rd1 Rf2+ 46. Kb1 Ka7 47. a3 Bb3 48. Rg1 Rd2 49. Rg4 a5 50. Rh4 b5 51. Rh3 a4 52. Rh7+ Kb6 53. Rd7 b4 54. axb4 a3 55. d5 a2+ 56. Ka1 Rc2 57. Nxa2 Rxa2+ 58. Kb1 cxd5 59. Rd8 Rf2 60. Rb8+ Kc7 61. Rh8 Rf4 62. Kb2 Rxb4 63. Kc3 Rb5 64. Kd4 Bc4 65. Rh6 Rb6 66. Rh7+ Kc6 67. Rh1 Rb2 0-1

[Event "BCF-chT2 1617 (4NCL) Promotion pool"]
[Site "England"]
[Date "2017.04.29"]
[Round "9.11"]
[White "Bisby, Daniel L"]
[Black "Rees, Ioan"]
[Result "1-0"]
[WhiteElo "2293"]
[BlackElo "2282"]
[PlyCount "63"]
[EventDate "2016.11.19"]
[EventType "team-tourn"]
[EventRounds "11"]
[EventCountry "ENG"]
[SourceTitle "EXT 2019"]
[Source "ChessBase"]
[SourceDate "2018.10.10"]
[SourceVersion "1"]
[SourceVersionDate "2018.10.10"]
[SourceQuality "1"]
[WhiteTeam "Cambridge University"]
[BlackTeam "West is Best"]
[WhiteTeamCountry "ENG"]
[BlackTeamCountry "ENG"]

1. e4 c5 2. Nf3 Nc6 3. d4 cxd4 4. Nxd4 e5 5. Nb5 d6 6. N1c3 a6 7. Na3 Be7 8. Nc4 b5 9. Ne3 Nf6 10. Bd3 0-0 11. 0-0 Rb8 12. a4 Nd4 13. axb5 axb5 14. Ncd5 Nxd5 15. Nxd5 Bg5 16. c3 Bxc1 17. Rxc1 Ne6 18. Qd2 Bb7 19. Rfd1 Bxd5 20. exd5 Nc5 21. Bc2 f5 22. Ra1 Qh4 23. Ra7 b4 24. cxb4 Rxb4 25. g3 Qg4 26. h3 Qc4 27. b3 Rxb3 28. Bxb3 Qxb3 29. Qg5 Nb7 30. Rda1 g6 31. Ra8 Qxd5 32. Qe7 1-0

[Event "Vienna op-A"]
[Site "Vienna"]
[Date "2016.08.22"]
[Round "8"]
[White "Froewis, Georg"]
[Black "Bisby, Daniel L"]
[Result "1-0"]
[WhiteElo "2449"]
[BlackElo "2311"]
[PlyCount "67"]
[EventDate "2016.08.16"]
[EventType "swiss"]
[EventRounds "9"]
[EventCountry "AUT"]
[SourceTitle "CBM 173 Extra"]
[Source "ChessBase"]
[SourceDate "2016.08.29"]
[SourceVersion "1"]
[SourceVersionDate "2016.08.29"]
[SourceQuality "1"]

1. d4 Nf6 2. c4 g6 3. Nc3 Bg7 4. e4 d6 5. Be2 0-0 6. Be3 Na6 7. h4 e5 8. d5 Nc5 9. Qc2 h5 10. f3 a5 11. 0-0-0 Bd7 12. Nh3 a4 13. Rdg1 c6 14. g4 cxd5 15. exd5 e4 16. Bg5 exf3 17. Bxf3 b5 18. cxb5 Re8 19. Nf4 Rc8 20. Nxh5 gxh5 21. gxh5 Re5 22. Bh6 Re1+ 23. Bd1 Rxg1 24. Rxg1 Ng4 25. Bxg7 Qxh4 26. Bh6 Qxh5 27. Be3 Kf8 28. Bf4 f5 29. Bxd6+ Kf7 30. Bxc5 Rxc5 31. Bxg4 Qg5+ 32. Kb1 fxg4 33. Ne4 Qg6 34. Rf1+ 1-0

[Event "Vienna op-A"]
[Site "Vienna"]
[Date "2016.08.19"]
[Round "4"]
[White "Carow, Johannes"]
[Black "Bisby, Daniel L"]
[Result "1/2-1/2"]
[WhiteElo "2423"]
[BlackElo "2311"]
[PlyCount "51"]
[EventDate "2016.08.16"]
[EventType "swiss"]
[EventRounds "9"]
[EventCountry "AUT"]
[SourceTitle "CBM 173 Extra"]
[Source "ChessBase"]
[SourceDate "2016.08.29"]
[SourceVersion "1"]
[SourceVersionDate "2016.08.29"]
[SourceQuality "1"]

1. d4 e6 2. c4 d5 3. Nc3 Nf6 4. cxd5 exd5 5. Bg5 c6 6. Qc2 Nbd7 7. e3 Be7 8. Bd3 h6 9. Bh4 Nh5 10. Bxe7 Qxe7 11. 0-0-0 Nb6 12. h3 Be6 13. Nf3 Nf6 14. Kb1 0-0-0 15. Nd2 Kb8 16. Ka1 Rhe8 17. Rhe1 Bc8 18. Rb1 Ka8 19. b4 g5 20. b5 c5 21. dxc5 Qxc5 22. Nb3 Qd6 23. Nd4 Nfd7 24. Nce2 Ne5 25. Rec1 Bd7 26. Qb3 1/2-1/2